Cities of San Mateo County on a Map - Statistics

General Stats
  • This quiz has been taken 342 times
  • The average score is 14 of 20
Answers on the Map
Answers color-coded by a green-red scale on the quiz's map according to % correct below.
 
Answer Stats
Answer % Correct
South San Francisco
94%
Daly City
92%
San Mateo
92%
Redwood City
87%
Half Moon Bay
86%
Pacifica
78%
Foster City
71%
San Bruno
70%
Burlingame
67%
East Palo Alto
67%
Millbrae
66%
Belmont
61%
Menlo Park
60%
Atherton
59%
San Carlos
58%
Brisbane
57%
Colma
55%
Woodside
55%
Hillsborough
54%
Portola Valley
46%
No matching quizzes found
Score Distribution
Percent of People with Each Score
Percentile by Number Answered
Your Score History
You have not taken this quiz